Tribhuvan University Central Library

Nepal ratna; ratna pathar (Record no. 31222)

MARC details
000 -LEADER
fixed length control field 004830000a22002170004500
015 ## - NATIONAL BIBLIOGRAPHY NUMBER
National bibliography number NNB
082 ## - DEWEY DECIMAL CLASSIFICATION NUMBER
Classification number N736.2
Item number U323n
041 ## - LANGUAGE CODE
Language code of text/sound track or separate title Nep
100 ## - MAIN ENTRY--PERSONAL NAME
Personal name Upadhyaya, Hari Bhakta
245 ## - TITLE STATEMENT
Title Nepal ratna; ratna pathar
260 ## - PUBLICATION, DISTRIBUTION, ETC. (IMPRINT)
Place of publication, distribution, etc Kathmandu
Name of publisher, distributor, etc Jem Ston Anusandhan tatha Talika Kendra, Nepal
260 ## - PUBLICATION, DISTRIBUTION, ETC. (IMPRINT)
Date of publication, distribution, etc 2060 B.S.
300 ## - PHYSICAL DESCRIPTION
Extent 80p.
365 ## - TRADE PRICE
Price type code Rs.250.00
518 ## - DATE/TIME AND PLACE OF AN EVENT NOTE
Date/time and place of an event note 20040422
530 ## - ADDITIONAL PHYSICAL FORM AVAILABLE NOTE
Additional physical form available note M
650 ## - SUBJECT ADDED ENTRY--TOPICAL TERM
Topical term or geographic name as entry element Gem
650 ## - SUBJECT ADDED ENTRY--TOPICAL TERM
Topical term or geographic name as entry element Jewelry
650 ## - SUBJECT ADDED ENTRY--TOPICAL TERM
Topical term or geographic name as entry element Stones
942 ## - ADDED ENTRY ELEMENTS (KOHA)
Koha item type General Collections
Holdings
Withdrawn status Lost status Damaged status Not for loan Home library Current library Date acquired Total Checkouts Barcode Date last seen Price effective from
        Tribhuvan University Central Library Tribhuvan University Central Library 06/20/2010   125315cs 06/20/2010 06/20/2010
        Tribhuvan University Central Library Tribhuvan University Central Library 06/20/2010   125316 06/20/2010 06/20/2010